000 01889cam a2200133 4500500
005 20251214005223.0
041 _afre
042 _adc
100 1 0 _aHachet, Benoît
_eauthor
245 0 0 _aSociologie des temporalités
260 _bArmand Colin,
_c2025.
520 _aLes questions temporelles sont revenues sur le devant de la scène, et s’imposent comme une nouvelle approche de la discipline, témoignant d’une interrogation renouvelée sur le sens de notre temps. Les temps sont en effet au cœur de nombreux enjeux sociaux actuels, tels la durée et la productivité au travail, les âges d’entrée en emploi et de la retraite, l’articulation des sphères professionnelles et familiales, l’incertitude suscitée par la précarisation des conditions de vie.Quels sont les outils, les démarches, les concepts et les méthodes proposés par la sociologie pour analyser ces dynamiques temporelles contemporaines ? L’approche sociologique les envisage à la fois dans la dimension objective d’un cadre commun qui s’impose à tous et dans la dimension plus subjective du temps vécu. Elle interroge aussi les temps au pluriel, tels qu’ils sont construits par les acteurs, plutôt que d’essentialiser un temps unique et surplombant.L’analyse est portée par quatre acceptions principales des temps que sont la durée, le rythme, le tempo et la temporalisation. La durée s’appréhende par les actions de commencer, arrêter, prolonger ; le rythme par les actions de différencier, séquencer, ordonner ; le tempo ou la vitesse par les actions d’accélérer, de ralentir ou de s’ajuster ; et la temporalisation par les actions de se mémorer, d’être attentif, d’anticiper, de se projeter.
856 4 1 _uhttps://shs.cairn.info/sociologie-des-temporalites--9782200632854?lang=fr&redirect-ssocas=7080
999 _c1568721
_d1568721